Saratchandra chatterji vyakti rachayita (Record no. 415714)

MARC details
000 -LEADER
fixed length control field 00670nam a2200229Ia 4500
003 - CONTROL NUMBER IDENTIFIER
control field OSt
005 - DATE AND TIME OF LATEST TRANSACTION
control field 20220924123436.0
008 - FIXED-LENGTH DATA ELEMENTS--GENERAL INFORMATION
fixed length control field 220923b |||||||| |||| 00| 0 tel d
037 ## - SOURCE OF ACQUISITION
Terms of availability Textual
040 ## - CATALOGING SOURCE
Original cataloging agency ARTS
Transcribing agency ARTS
Language of cataloging tel
041 ## - LANGUAGE CODE
Source of code tel
Language code of text/sound track or separate title tel
100 ## - MAIN ENTRY--PERSONAL NAME
Personal name Sengupta Subodhchandra Au.
9 (RLIN) 192802
245 #0 - TITLE STATEMENT
Title Saratchandra chatterji vyakti rachayita
260 ## - PUBLICATION, DISTRIBUTION, ETC.
Place of publication, distribution, etc. New Delhi
Name of publisher, distributor, etc. Aahitya Akademi India
Date of publication, distribution, etc. 1977
650 ## - SUBJECT ADDED ENTRY--TOPICAL TERM
Topical term or geographic name entry element BENGALI LITERATURE
942 ## - ADDED ENTRY ELEMENTS (KOHA)
Classification part O157,3M76w, 35L7
Koha item type Textual
Source of classification or shelving scheme Colon Classification (CC)
Holdings
Withdrawn status Lost status Damaged status Not for loan Home library Current library Date acquired Total Checkouts Full call number Barcode Date last seen Price effective from Koha item type Public note
        Arts Library Arts Library 2022-09-24   O157,3M76w 35L7 AL0744910 2022-09-24 2022-09-24 Textual Translated from Bengali to Telugu
Copyright @ Delhi University Library System